Most likely 2020 candidates - Statistics

General Stats
  • This quiz has been taken 26 times
  • The average score is 7 of 13
Answer Stats
Party Candidate % Correct
Republican Donald Trump
100%
Democrat Bernie Sanders
80%
Democrat Hillary Clinton
76%
Republican? Kanye West
52%
Republican Jeb Bush
44%
Democrat Joe Biden
44%
Republican John Kasich
44%
Republican Ted Cruz
44%
Democrat Elizabeth Warren
40%
Republican Marco Rubio
40%
Democrat? Dwayne Johnson
32%
Democrat Kamala Harris
32%
Democrat Michelle Obama
32%
No matching quizzes found
Score Distribution
Percent of People with Each Score
Percentile by Number Answered
Your Score History
You have not taken this quiz